Southville International School and Colleges
Your cart is empty.
  • Cart
  • Lists
    Public lists Eva Luna New books Lux_list list_1
    Your lists Log in to create your own lists
  • Log in to your account
  • Your cookies
  • Search history
Southville International School and Colleges
  • Advanced search
  • Recent comments
  • Most popular
  • Libraries

Log in to your account

Log in with GOOGLE


If you do not have an external account, but do have a local account, you can still log in:

  1. Home
  2. MARC view: Great speeches for the young orator /
Normal view MARC view ISBD view

Great speeches for the young orator / (Record no. 292191)

[ view plain ]
MARC details
000 -LEADER
fixed length control field 00549nam a2200205Ia 4500
008 - FIXED-LENGTH DATA ELEMENTS--GENERAL INFORMATION
fixed length control field 160319s9999 xx 000 0 und d
020 ## - INTERNATIONAL STANDARD BOOK NUMBER
International Standard Book Number 9716300123
050 ## - LIBRARY OF CONGRESS CALL NUMBER
Classification number 808.85
050 ## - LIBRARY OF CONGRESS CALL NUMBER
Item number G786 1992
245 ## - TITLE STATEMENT
Title Great speeches for the young orator /
245 ## - TITLE STATEMENT
Statement of responsibility, etc edited by Marc and Reni Singer.
260 ## - PUBLICATION, DISTRIBUTION, ETC. (IMPRINT)
Place of publication, distribution, etc Manila :
260 ## - PUBLICATION, DISTRIBUTION, ETC. (IMPRINT)
Name of publisher, distributor, etc Tahanan Books for Young Readers, 
260 ## - PUBLICATION, DISTRIBUTION, ETC. (IMPRINT)
Date of publication, distribution, etc 1992
300 ## - PHYSICAL DESCRIPTION
Extent 144 pages ;
300 ## - PHYSICAL DESCRIPTION
Dimensions 21 cm.
650 ## - SUBJECT ADDED ENTRY--TOPICAL TERM
Topical term or geographic name as entry element Singer, Marc, ed.
650 ## - SUBJECT ADDED ENTRY--TOPICAL TERM
Topical term or geographic name as entry element Speeches, addresses, etc.
650 ## - SUBJECT ADDED ENTRY--TOPICAL TERM
General subdivision Singer, Reni, ed.
Holdings
Withdrawn status Lost status Damaged status Home library Current library Shelving location Date acquired Total Checkouts Full call number Barcode Date last seen Price effective from Koha item type
      Stonyhurst Southville International School (Batangas) Stonyhurst Southville International School (Batangas) Filipiniana Section 03/19/2016   Fil 808.85 G786 1992 US 0301 03/19/2016 03/19/2016 Books

Great speeches for the young orator /

APA

Great speeches for the young orator. Manila: .

Chicago

Great speeches for the young orator. Manila: .

Harvard

Great speeches for the young orator. Manila: .

MLA

Manila: . .

  • Place hold
  • Print
  • Cite
  • Add to your cart (remove)
  • Save record
    BIBTEX Dublin Core MARCXML MARC (non-Unicode/MARC-8) MARC (Unicode/UTF-8) MARC (Unicode/UTF-8, Standard) MODS (XML) RIS
  • More searches
    Search for this title in:
    Other Libraries (WorldCat) Other Databases (Google Scholar) Online Stores (Bookfinder.com) Open Library (openlibrary.org)

Exporting to Dublin Core...

SOUTHVILLE LIBRARY

Southville International School and Colleges Library

1281 Tropical Ave. Cor. Luxembourg St., BF Homes International, Las Pinas City

Tel. No. 8256374 / 252358 Loc. 117/146

Powered by Koha